|
|
|
|
| LEADER |
02049nam a2200313 a 4500 |
| 008 |
091124r1994 enka 001 0 eng d |
| 020 |
|
|
|a 8185386145
|
| 020 |
|
|
|a 0297773135 :
|c £12.50.
|
| 020 |
|
|
|a 0297773143
|b pbk.
|
| 040 |
|
|
|a DLC
|c DLC
|d DLC
|
| 082 |
0 |
0 |
|a 330/.01/51
|2 20
|
| 100 |
1 |
|
|a Archibald, G. C.,
|d 1926-
|
| 245 |
1 |
3 |
|a An introduction to a mathematical treatment of economics /
|c by G. C. Archibald and Richard G. Lipsey.
|
| 250 |
|
|
|a 3rd ed.
|
| 260 |
|
|
|a London :
|b Weidenfeld and Nicolson,
|c 1994 [reprinted].
|
| 300 |
|
|
|a viii, 520 p. :
|b ill. ;
|c 22 cm.
|
| 500 |
|
|
|a "Part of this work first appeared in the United States in An Introduction to Mathematical Economics c1976 G. C. Archibald and Richard G. Lipsey."
|
| 504 |
|
|
|a Includes index.
|
| 541 |
1 |
|
|e 00009842
|
| 650 |
|
0 |
|a Economics, Mathematical.
|
| 700 |
1 |
|
|a Lipsey, Richard G.,
|d 1928-
|e joint author.
|
| 852 |
4 |
|
|a Ayesha Abed Library
|j General shelf
|
| 942 |
0 |
0 |
|0 1
|
| 999 |
|
|
|c 5835
|d 5835
|
| 952 |
|
|
|0 0
|1 0
|2 ddc
|4 0
|6 330_015100000000000_ARC_1994
|7 0
|9 5806
|a BRACUL
|b BRACUL
|c GEN
|d 2009-12-02
|g 0.00
|l 1
|m 4
|o 330.0151 ARC
|p 3010009842
|r 2015-11-03
|s 2015-10-13
|t 1
|w 2009-12-02
|y BK
|x No price found in the accession register.
|
| 952 |
|
|
|0 0
|1 0
|2 ddc
|4 0
|6 330_015100000000000_ARC_1994
|7 0
|9 5807
|a BRACUL
|b BRACUL
|c GEN
|d 2009-12-02
|g 0.00
|l 5
|m 9
|o 330.0151 ARC
|p 3010009843
|r 2024-05-16
|s 2024-01-28
|t 2
|w 2009-12-02
|y BK
|x No price found in the accession register.
|
| 952 |
|
|
|0 0
|1 0
|2 ddc
|4 0
|6 330_015100000000000_ARC_1994
|7 0
|9 5808
|a BRACUL
|b BRACUL
|c GEN
|d 2009-12-02
|g 0.00
|l 0
|o 330.0151 ARC
|p 3010009845
|r 2009-12-02
|t 3
|w 2009-12-02
|y BK
|x No price found in the accession register.
|
| 952 |
|
|
|0 0
|1 0
|2 ddc
|4 0
|6 330_015100000000000_ARC_1994
|7 0
|9 5809
|a BRACUL
|b BRACUL
|c GEN
|d 2009-12-02
|g 0.00
|l 0
|o 330.0151 ARC
|p 3010009841
|r 2009-12-02
|t 4
|w 2009-12-02
|y BK
|x No price found in the accession register.
|
| 952 |
|
|
|0 0
|1 0
|2 ddc
|4 0
|6 330_015100000000000_ARC_1994
|7 0
|9 5810
|a BRACUL
|b BRACUL
|c GEN
|d 2009-12-02
|g 0.00
|l 2
|m 16
|o 330.0151 ARC
|p 3010009844
|r 2019-12-24
|s 2019-11-20
|t 5
|w 2009-12-02
|y BK
|x No price found in the accession register.
|